Statystyki dla Polacy którzy wystąpili w Lidze Mistrzów

Kliknij tutaj aby rozwiązać quiz!

Ogólne statystyki

  • Ten quiz został rozwiązany 160 razy
  • Średni wynik to 29 z 105

Statystyki odpowiedzi

ZawodnikLiczba MeczyLiczba BramekLiczba AsystKluby% Poprawnych
Robert Lewandowski1119125Bayern, Barcelona
99%
Wojciech Szczęsny6800Arsenal, Roma, Juventus
97%
Maciej Szczęsny1400Legia Warszawa, Widzew Łódź
96%
Grzegorz Lewandowski800Legia Warszawa
95%
Mariusz Lewandowski1600Szachtar Donieck
95%
Piotr Zieliński3363Napoli
95%
Jakub Błaszczykowski2431Borussia Dortmund
94%
Jacek Zieliński700Legia Warszawa
93%
Arkadiusz Milik24104Ajax, Napoli, Juventus
91%
Leszek Pisz820Legia Warszawa
89%
Łukasz Piszczek5416Borussia Dortmund
89%
Grzegorz Krychowiak2211Sevilla, PSG
88%
Jerzy Dudek4700Feyenoord, Liverpool, Real Madryt
88%
Kamil Glik2121Monaco
82%
Artur Boruc2200Celtic
73%
Łukasz Fabiański1400Arsenal
72%
Maciej Rybus1701Lyon, Lokomotiw Moskwa
70%
Marcin Wasilewski400Anderlecht, Leicester
53%
Jacek Krzynówek731Bayer Leverkusen
50%
Michał Pazdan300Legia Warszawa
49%
Marcin Żewłakow310APOEL
48%
Michał Żewłakow3101Anderlecht, Olympiakos
48%
Tomasz Hajto611Schalke
47%
Tomasz Kędziora1101Dynamo Kijów
47%
Euzebiusz Smolarek200Feyenoord
45%
Maciej Żurawski701Cetlic
43%
Arkadiusz Malarz500Legia Warszawa
42%
Kamil Grabara400Kopenhaga
41%
Ireneusz Jeleń400Auxerre, Lille
40%
Jakub Rzeźniczak1000Legia Warszawa, Karabach Agdam
36%
Łukasz Teodorczyk1001Dynamo Kijów
35%
Bartosz Bereszyński601Legia Warszawa
32%
Krzysztof Warzycha2680Panathinaikos
32%
Michał Kucharczyk410Legia Warszawa
32%
Kamil Piątkowski200RB Salzburg
30%
Adrian Mierzejewski500Trabzonspor
28%
Jacek Bąk700Lyon, Lens
27%
Łukasz Skorupski200Roma
25%
Paweł Brożek200Trabzonspor
25%
Łukasz Szukała601Steaua
24%
Tomasz Rząsa2500Grasshopper, Feyenoord, Partizan
24%
Rafał Murawski600Rubin Kazań
21%
Roman Kosecki1010Nantes
20%
Sebastian Boenisch1101Werder Brema, Bayer Leverkusen
19%
Dariusz Dudka500Auxerre
18%
Radosław Cierzniak100Legia Warszawa
17%
Tomasz Jodłowiec500Legia Warszawa
17%
Marek Citko621Widzew Łódź
16%
Michał Kopczyński500Legia Warszawa
16%
Mirosław Szymkowiak600Widzew Łódź
16%
Tomasz Iwan1500PSV
16%
Arkadiusz Głowacki600Trabzonspor
14%
Jakub Czerwiński400Legia Warszawa
14%
Marek Saganowski611Aalborg
14%
Wojciech Kowalewski400Spartak Moskwa
14%
Kamil Kosowski500APOEL
13%
Dawid Janczyk300CSKA Moskwa
12%
Maciej Dąbrowski200Legia Warszawa
12%
Roman Dąbrowski500Besiktas
12%
Grzegorz Mielcarski600
Porto
11%
Sławomir Wojciechowski100Bayern
11%
Cezary Kucharski801Legia Warszawa
10%
Marek Jóźwiak710Legia Warszawa
9%
Przemysław Kaźmierczak101Porto
9%
Arkadiusz Radomski500Heerenveen
8%
Tomasz Łapiński500Widzew Łódź
8%
Adam Matysek700Bayer Leverkusen
7%
Paweł Golański300Steaua
7%
Szymon Czyż100Lazio
7%
Tomasz Zdebel600SK Lierse
7%
Jacek Dembiński620Widzew Łódź
6%
Krzysztof Ratajczyk600Rapid Wiedeń, Legia Warszawa
6%
Andrzej Rudy310Ajax
5%
Łukasz Sosin300Anorthosis Famagusta
5%
Radosław Michalski1400Legia Warszawa, Widzew Łódź
5%
Józef Wandzik1600Panathinaikos
4%
Mateusz Wieteska100Legia Warszawa
4%
Paweł Cibicki301Malmoe
4%
Rafał Siadaczka100Widzew Łódź
4%
Daniel Bogusz500Widzew Łódź
3%
Igor Sypniewski710Panathinaikos
3%
Jacek Bednarz700Legia Warszawa
3%
Jerzy Podbrożny610Legia Warszawa
3%
Marcin Adamski400Rapid Wiedeń
3%
Paweł Wojtala600Widzew Łódź
3%
Ryszard Czerwiec410Widzew Łódź
3%
Sławomir Majak610Widzew Łódź
3%
Andrzej Kubica200Legia Warszawa
1%
Andrzej Lesiak410Rapid Wiedeń
1%
Jacek Kacprzak100Legia Warszawa
1%
Kazimierz Sidorczuk1500Sturm Graz
1%
Marcin Jałocha300Legia Warszawa
1%
Marcin Zając200Widzew Łódź
1%
Marek Bajor300Widzew Łódź
1%
Paweł Miaszkiewicz300Widzew Łódź
1%
Piotr Mosór100Legia Warszawa
1%
Ryszard Staniek810Legia Warszawa
1%
Tomasz Dziubiński910
Club Brugge
1%
Tomasz Wieszczycki700Legia Warszawa
1%
Zbigniew Wyciszkiewicz400Widzew Łódź
1%
Adam Fedoruk200Legia Warszawa
0%
Piotr Szarpak200Widzew Łódź
0%
Tomasz Sokołowski200Legia Warszawa
0%
Tomasz Wałdock600Schalke
0%
Zbigniew Mandziejewicz800Legia Warszawa
0%

Rozkład punktacji

Percentyl według liczby udzielonych odpowiedzi

Procent ludzi z każdym wynikiem

Twoja historia wyników

Nie rozwiązałeś tego quizu